Vi điều khiển và ứng dụng Arduino dành cho người tự học
Cuốn sách giới thiệu về phần cứng và phần mềm Arduino, điều khiển và tạo hiệu ứng với 6 LED và 12 LED, điều khiển và tạo hiệu ứng với 12 LED theo mảng, quảng cáo với LED ma trận, điều khiển LED 7 đoạn, hiện thị kết quả đo nhiệt độ và...
Đã lưu trong:
| 主要作者: | |
|---|---|
| 格式: | 圖書 |
| 語言: | Undetermined |
| 出版: |
Hà Nội
Thanh niên
2018
|
| 主題: | |
| 標簽: |
添加標簽
沒有標簽, 成為第一個標記此記錄!
|
| Thư viện lưu trữ: | Trung tâm Học liệu Trường Đại học Cần Thơ |
|---|
| LEADER | 01141nam a2200217Ia 4500 | ||
|---|---|---|---|
| 001 | CTU_230652 | ||
| 008 | 210402s9999 xx 000 0 und d | ||
| 020 | |c 140000 | ||
| 082 | |a 621.3810285 | ||
| 082 | |b H523 | ||
| 100 | |a Phạm, Quang Huy | ||
| 245 | 0 | |a Vi điều khiển và ứng dụng Arduino dành cho người tự học | |
| 245 | 0 | |c Phạm Quang Huy | |
| 260 | |a Hà Nội | ||
| 260 | |b Thanh niên | ||
| 260 | |c 2018 | ||
| 520 | |a Cuốn sách giới thiệu về phần cứng và phần mềm Arduino, điều khiển và tạo hiệu ứng với 6 LED và 12 LED, điều khiển và tạo hiệu ứng với 12 LED theo mảng, quảng cáo với LED ma trận, điều khiển LED 7 đoạn, hiện thị kết quả đo nhiệt độ và độ ẩm bằng LED 7 đoạn, Arduino và Module cảm biến âm thanh và cảm biến ánh sáng. | ||
| 650 | |a Mạch điện tử,Electronic circuits | ||
| 650 | |x Phần mềm,Software | ||
| 904 | |i Tuyến | ||
| 980 | |a Trung tâm Học liệu Trường Đại học Cần Thơ | ||